Mozik, mint kultúraközvetítő intézmények

Bibliográfiai részletek
Szerző: Kitlinger Vivien
További közreműködők: Schultz Dr. Éva
Dokumentumtípus: Diplomadolgozat
Kulcsszavak:intézmény
kultúra
kultúrafogyasztás
kultúraközvetítés
mozi
szabadidő
Online Access:http://dolgozattar.uni-bge.hu/59598

MARC

LEADER 00000nta a2200000 i 4500
001 dolg59598
005 20260409145300.0
008 260409suuuu hu om 000 hun d
040 |a BGE Dolgozattár Repozitórium  |b hun 
041 |a hu 
100 1 |a Kitlinger Vivien 
245 1 0 |a Mozik, mint kultúraközvetítő intézmények  |c Kitlinger Vivien  |h [elektronikus dokumentum] 
520 3 |a Szakdolgozatom a mozi, mint kultúraközvetítő intézmény témájával foglalkozik, leginkább a magyar lakosság körében. Szakirodalmi kutatásaim során ennek kapcsán feltárásra kerültek a kultúrával, kultúrafogyasztással kapcsolatos adatok, a mozi kialakulása, fejlődése, napjainkban betöltött szerepe, különböző befolyásoló tényezői, illetve a streaming szerepe. Majd erre a háttérre alapozva készítettem fogyasztói kérdőívet, illetve intézményvezetői interjúkat, amelyekben egyik oldalról moziba járási attitűdöket, szokásokat, igényeket térképeztem fel, másik oldalról pedig a mozik helyzetét, nehézségeit, kultúrában betöltött szerepét, illetve jövőbe mutató újításokat gyűjtöttem össze. 
695 |a intézmény 
695 |a kultúra 
695 |a kultúrafogyasztás 
695 |a kultúraközvetítés 
695 |a mozi 
695 |a szabadidő 
700 1 |a Schultz Dr. Éva  |e ths 
856 4 0 |u http://dolgozattar.uni-bge.hu/59598/1/Kitlinger_Vivien_Szakdolgozat.pdf  |z Dokumentum-elérés 
856 4 0 |u http://dolgozattar.uni-bge.hu/59598/2/Kitlinger%20Vivien.%20jav.pdf  |z Dokumentum-elérés 
856 4 0 |u http://dolgozattar.uni-bge.hu/59598/3/Kitlinger%20Vivien_konzulensi_Schultz%20%C3%89va.pdf  |z Dokumentum-elérés